00722nam a22001577a 450000500170000000800410001702000180005804000100007608200260008610000170011224500620012925000120019126000540020330000920025765002150034920260209113519.0260209b |||||||| |||| 00| 0 eng d a9789355735676 cVITAP 223rd Ed.a658.421 BAT aBatra, Safal aEntrepreneurshipb: New Venture Managementc/ Safal Batra a2nd Ed. aNew DelhibCengage Learning India Pvt. Ltd.c2025 axi, 164, (A-1 to A-13), (S-1 to S-40), (E-1 to E-30), L-1, (I-1 to I-4)p. : ill. ; 24cm 0aEntrepreneurship; New business enterprises; Small business - Management; Business planning; Innovation management; Entrepreneurs; Venture capital; Strategic management; Business enterprises - Management